La reina Victoria / (Record no. 148349)

MARC details
000 -LEADER
campo de control de longitud fija 00504nam a2200181 i 4500
001 - NÚMERO DE CONTROL
campo de control 148349
003 - IDENTIFICADOR DE NÚMERO DE CONTROL
campo de control ES-MaACL
005 - FECHA Y HORA DE LA ÚLTIMA TRANSACCIÓN
campo de control 20251013232521.0
007 - CAMPO FIJO DE DESCRIPCIÓN FÍSICA--INFORMACIÓN GENERAL
campo de control de longitud fija t|
008 - DATOS DE LONGITUD FIJA--INFORMACIÓN GENERAL
campo de control de longitud fija 070214s1944 mx |||| |bspa d
100 1# - ENTRADA PRINCIPAL--NOMBRE DE PERSONA
Nombre de persona Strachey, Lytton.
9 (RLIN) 108356
245 13 - MENCIÓN DEL TÍTULO
Título La reina Victoria /
Mención de responsabilidad, etc. Lytton Strachey.
260 ## - PUBLICACIÓN, DISTRIBUCIÓN, ETC.
Lugar de publicación, distribución, etc. México :
Nombre del editor, distribuidor, etc. Nueva España,
Fecha de publicación, distribución, etc. 1944.
300 ## - DESCRIPCIÓN FÍSICA
Extensión 370 p. ;
Dimensiones 17 cm.
600 04 - PUNTO DE ACCESO ADICIONAL DE MATERIA--NOMBRE DE PERSONA
Nombre de persona Victoria
Numeración I,
Títulos y otros términos asociados al nombre Reina de Gran Bretaña
9 (RLIN) 114401
852 ## - LOCALIZACIÓN
Ubicación ES-MaACL
Número de control de estantería E-9326
Holdings
Estatus retirado Estado de pérdida Estado de daño No para préstamo Biblioteca de origen Biblioteca actual Ubicación en estantería Fecha de adquisición Fuente de adquisición Total de préstamos Signatura topográfica completa Código de barras Visto por última vez Precio de reemplazo Tipo de ítem Koha
        Biblioteca del Ateneo de Madrid Biblioteca del Ateneo de Madrid Depósito 2 17/01/2008     E-9326 1154818 23/02/2023 23/02/2023 Libro impreso